000 00547nam a2200193Ia 4500
003 LK-CoDNM
005 20240801125313.0
008 010623t1930 xxu||||| |||| 00| 1 eng d
040 _aLK-CoDNM
_dLK-CoDNM
_eLK-CoDNM
041 _aeng
080 _a8
_bOO11
100 _aSarup,Lakshman.
245 _aThirteen Trivandrum Plays Attributed to Bhasa
260 _bHumphrey Milford,Oxford
_aLondon
_c1930
300 _bviii, 200p. : 25 cm
500 _aPanjab University Oriental Publications,No.13
700 _aWoolner,A.C.
_eed.
942 _cBK
999 _c95242
_d95242